Normal view
MARC view
Entry Personal Name
001 - CONTROL NUMBER
- control field: 631384
003 - CONTROL NUMBER IDENTIFIER
- control field: OSt
005 - DATE AND TIME OF LATEST TRANSACTION
- control field: 20221005122027.0
008 - FIXED-LENGTH DATA ELEMENTS
- fixed length control field: 221005|| aca||aabn | a|a d
040 ## - CATALOGING SOURCE
- Original cataloging agency: OSt
- Transcribing agency: OSt
100 ## - HEADING--PERSONAL NAME
- Personal name: Paul K N
670 ## - SOURCE DATA FOUND
- Source citation: Work cat.: (OSt)1043032: Paul K N, Indian unrest, 1919-20, 1922
